Clubes que mais venceram campeonatos nacionais da UEFA - Statistics

Estatísticas Gerais
  • Esse quiz foi jogado 236 vezes
  • A pontuação média é 12 de 55
Estatísticas das Respostas
País Vezes que ganhou Campeonato Time % Correto
Espanha 34 La Liga Real Madrid Club de Fútbol
94%
Alemanha 29 Fußball-Bundesliga Fußball-Club Bayern München
90%
Inglaterra 20 Premier League Manchester United Football Club
84%
Itália 35 Serie A Juventus Football Club
81%
Portugal 37 Primeira Liga Sport Lisboa e Benfica
75%
Países Baixos (Holanda) 34 Eredivisie Amsterdamsche Football Club Ajax
72%
Escócia 54 Scottish Premier League The Rangers Football Club
68%
Croácia 22 Prva Hrvatska Nogometna Liga GNK Dinamo Zagreb
54%
Bélgica 34 Belgian Pro League Royal Sporting Club Anderlecht
51%
Bulgária 31 Първа професионална футболна лига Professional Football Club CSKA Sofia
49%
França 10 Ligue 1 Association Sportive de Saint-Étienne Loire
45%
Rep. Checa 33 1. Česká Fotbalová Liga Atetický Club Sparta Praha Fotbal
40%
Chipre 28 Πρωτάθλημα Α΄ Κατηγορίας APOEL
36%
Grécia 43 Ελληνική Σούπερ Λιγκ PAE Olympiacos Syndesmos Filathlon Piraeus
36%
Áustria 32 Österreichische Fußball-Bundesliga Sportklub Rapid Wien
33%
Suécia 19 Allsvenskan Malmö Fotbollförening
32%
Rússia 21 Чемпионат России по футболу Futbolniy Klub Spartak Moskva
28%
Ucrânia 28 Українська Прем'єр-ліга Futbolniy Klub Dynamo Kyiv
24%
Bielorússia 15 Вышэйшая ліга Futbolny Klub BATE Borisov
20%
Israel 21 ליגת העל Maccabi Tel Aviv Football Club
20%
Moldávia 14 Divizia Națională Fotbal Club Sheriff Tiraspol
17%
Eslováquia 20 Slovenský Super Liga Športový Klub Slovan Bratislava
15%
Albânia 24 Kategoria Superiore Klubi i Futbollit Tirana
14%
Finlândia 27 Veikkausliiga Helsingin Jalkapalloklubi HJK
12%
Liechtenstein 47 Liechtensteiner Fußballpokal Fußball Club Vaduz
9%
Suíça 27 Swiss Super League Grasshopper Club Zürich
9%
Estônia 10 Meistriliiga Mittetulundusühing Jalgpalliklubi FC Flora
9%
Gibraltar 22 Gibraltar Premier Division Lincoln Red Imps Football Club
8%
Irlanda 17 League of Ireland Shamrock Rovers Football Club
8%
Geórgia 18 უმაღლესი ლიგა SK Dinamo Tbilisi
8%
Hungria 29 Nemzeti Bajnokság I Ferencvárosi Torna Club
7%
Sérvia 27 Суперлига Србије Fudbalski Klub Crvena Zvezda
7%
Eslovênia 13 Prva Slovenska Nogometna Liga Nogometni Klub Maribor
7%
Andorra 13 Lliga Nacional de Futbol Futbol Club Santa Coloma
6%
Romênia 26 Liga I Fotbal Club Steaua București
4%
Irlanda do Norte 51 Northern Ireland Football League Premiership Linfield Football Club
4%
País de Gales 10 Uwch Gynghrair Cymru The New Saints Football Club
4%
Luxemburgo 28 Nationaldivisioun Association Sportive de la Jeunesse d'Esch
3%
Montenegro 2 Prva Crnogorska Fudbalska Liga FK Budućnost Podgorica | Fudbalski Klub Mogren | FK Rudar Pljevlja | FK Sutjeska Nikšić
3%
Armênia 14 Հայաստանի Բարձրագույն Խումբ Pyunik Futbolayin Akumb
3%
Ilhas Feroé 22 Færøernes førstedivision i fodbold Havnar Bóltfelag Tórshavn
2%
Letônia 15 Virslīga Skonto Football Club
2%
Cazaquistão 5 Қазақстан Кәсіпқой Футбол Лигасы Football Club Aktobe | Football Club Irtysh Pavlodar
1%
Macedônia do Norte 9 Прва македонска Фудбалска Лига Fudbalski klub Vardar Skopje
1%
Bósnia e Herzegovina 6 Премијер лига Босне и Херцеговине Fudbalski Klub Željezniča
1%
Lituânia 8 A Lyga Futbolo Bendruomenės Klubas Kaunas
1%
Turquia 20 Süper Lig Galatasaray Spor Kulübü
1%
Dinamarca 15 Superligaen Kjøbenhavns Boldklub
1%
Kosovo 10 Superliga e Futbollit të Kosovës Klubi Futbollistik Prishtina
1%
Polônia 14 Ekstraklasa Klub Sportowy Górnik Zabrze | Wisła Kraków Sportowa Spółka Akcyjna
1%
Islândia 26 Úrvalsdeild karla Knattspyrnufélag Reykjavíkur
1%
Azerbaijão 8 Azərbaycan Premyer Liqası Neftçi Peşəkar Futbol Klubu
1%
Noruega 24 Eliteserien Rosenborg Ballklub
1%
Malta 26 Premier League Sliema Wanderers Football Club
1%
San Marino 7 Campeonato Sammarinese di Calcio Società Polisportiva Tre Fiori
1%
Nenhum quiz correspondente encontrado
Distribuição das Pontuações
Porcentagem de Pessoas com Cada Pontuação
Percentil de Números Respondidos
Sua Pontuação Histórica
Você não jogou esse quiz